Hãy làm như người thành đạt : Những kĩ năng tác động mạnh đến thành công trong nghề nghiệp của bạn!

Quyển sách hướng dẫn toàn diện này sẽ xác định và hướng dẫn các thực hành. Tất cả các kỹ năng giao tiếp và truyền thông cần thiết để đạt tới đỉnh cao danh vọng.

Guardat en:
Dades bibliogràfiques
Autor principal: Mercer, Michael W.
Format: Llibre
Idioma:Undetermined
Publicat: Đà Nẵng Nhà xuất bản Đà Nẵng 2008
Matèries:
Etiquetes: Afegir etiqueta
Sense etiquetes, Sigues el primer a etiquetar aquest registre!
Thư viện lưu trữ: Trung tâm Học liệu Trường Đại học Cần Thơ
LEADER 01035nam a2200217Ia 4500
001 CTU_158927
008 210402s9999 xx 000 0 und d
020 |c 50000 
082 |a 650.1 
082 |b M554 
100 |a Mercer, Michael W. 
245 0 |a Hãy làm như người thành đạt : 
245 0 |b Những kĩ năng tác động mạnh đến thành công trong nghề nghiệp của bạn! 
245 0 |c Michael W. Mercer ; Sài Gòn book ( dịch ) 
260 |a Đà Nẵng 
260 |b Nhà xuất bản Đà Nẵng 
260 |c 2008 
520 |a Quyển sách hướng dẫn toàn diện này sẽ xác định và hướng dẫn các thực hành. Tất cả các kỹ năng giao tiếp và truyền thông cần thiết để đạt tới đỉnh cao danh vọng. 
650 |a Success in business,Promotions,Thành công trong kinh doanh,Thăng tiến 
904 |i QHieu 
980 |a Trung tâm Học liệu Trường Đại học Cần Thơ